[Event "Mittelfr. EM - Qualifikationsturnier"]
[Site "Büchenbach"]
[Date "2011.04.20"]
[Round "2.6"]
[White "Zhao, Kevin"]
[Black "Heckel, Wolfgang"]
[Result "0-1"]
[WhiteElo "1851"]
[BlackElo "1770"]
[PlyCount "78"]
[EventDate "2011.??.??"]
[WhiteTeam "SC Erlangen 48/88 e.V."]
[BlackTeam "TSG 1893 Ellingen e.V."]

1. e4 c5 2. Nc3 Nc6 3. f4 d6 4. Nf3 Nf6 5. Bc4 e6 6. O-O a6 7. Bb3 b5 8. d3 Be7
9. Ne2 d5 10. exd5 exd5 11. c3 O-O 12. Ng3 Qc7 13. Kh1 Bd6 14. d4 c4 15. Bc2
Bg4 16. Qd2 Rae8 17. Ne5 Ne7 18. h3 Bc8 19. Qf2 h5 20. Qf3 h4 21. Nh5 Nxh5 22.
Qxh5 g6 23. Qxh4 Bf5 24. Bd1 Kg7 25. Ng4 Ng8 26. Ne3 Ne7 27. Ng4 Rh8 28. Qf6+
Kg8 29. Qg5 Kg7 30. Nf6 Rd8 31. Bf3 Bxh3 32. gxh3 Rxh3+ 33. Kg2 Rdh8 34. Nh5+
R3xh5 35. Bxh5 Rxh5 36. Qg4 Ng8 37. Be3 Nh6 38. Qe2 Nf5 39. Rf2 Qe7 0-1

[Event "Mittelfr. EM - Qualifikationsturnier"]
[Site "Büchenbach"]
[Date "2011.04.20"]
[Round "2.7"]
[White "Diller, Daniel"]
[Black "Braun, Michael"]
[Result "1/2-1/2"]
[WhiteElo "1759"]
[BlackElo "1849"]
[PlyCount "34"]
[EventDate "2011.??.??"]
[WhiteTeam "SC Erlangen 48/88 e.V."]
[BlackTeam "SG Büchenbach/Roth e.V."]

1. c4 Nf6 2. g3 e6 3. Bg2 d5 4. Nf3 c6 5. b3 Be7 6. O-O O-O 7. Bb2 Re8 8. d3
Nbd7 9. Qc2 Bd6 10. e4 dxe4 11. dxe4 e5 12. Nc3 Nf8 13. Nh4 Qc7 14. Rad1 Ne6
15. Ne2 Bc5 16. h3 Bd7 17. Kh2 Be7 1/2-1/2

[Event "Mittelfr. EM - Qualifikationsturnier"]
[Site "Büchenbach"]
[Date "2011.04.20"]
[Round "2.8"]
[White "Weißmann, Peter"]
[Black "Zedlitz, Friedemann"]
[Result "1/2-1/2"]
[WhiteElo "1848"]
[BlackElo "1715"]
[PlyCount "92"]
[EventDate "2011.??.??"]
[WhiteTeam "SK Zirndorf e.V."]
[BlackTeam "SG Büchenbach/Roth e.V."]

1. e4 e5 2. d4 exd4 3. Bc4 Nc6 4. Nf3 Qf6 5. O-O h6 6. e5 Qd8 7. Bf4 Bc5 8. c3
dxc3 9. Nxc3 Nge7 10. Ne4 Bb6 11. b4 Ng6 12. Bg3 O-O 13. a3 Qe7 14. Qc2 Ngxe5
15. Nxe5 Nxe5 16. Bb3 d6 17. Nc3 c6 18. Na4 Be6 19. Rfe1 Bxb3 20. Qxb3 Qf6 21.
Nxb6 axb6 22. Bxe5 dxe5 23. Qe3 b5 24. Qxe5 Qxe5 25. Rxe5 Rfe8 26. Rxe8+ Rxe8
27. Kf1 Ra8 28. Ke2 Kf8 29. Kd3 Ke7 30. Kc3 Kd7 31. Kb3 Re8 32. Rd1+ Kc7 33.
Rd2 b6 34. Rc2 f5 35. h4 g5 36. hxg5 hxg5 37. Rd2 Re5 38. Rd3 g4 39. f3 gxf3
40. Rxf3 Kd6 41. Rd3+ Ke6 42. Rg3 Kf7 43. Rf3 Kf6 44. g4 Kg5 45. gxf5 Rxf5 46.
Re3 c5 1/2-1/2

[Event "Mittelfr. EM - Qualifikationsturnier"]
[Site "Büchenbach"]
[Date "2011.04.20"]
[Round "2.10"]
[White "Meulner, Fabian"]
[Black "Müller, Roland"]
[Result "1/2-1/2"]
[WhiteElo "1813"]
[BlackElo "1635"]
[PlyCount "100"]
[EventDate "2011.??.??"]
[WhiteTeam "SW Nürnberg Süd e.V."]
[BlackTeam "SV Lauf a.d.P."]

1. d4 Nf6 2. Bg5 e6 3. e3 Be7 4. Bd3 d6 5. Nd2 Nbd7 6. c3 Nd5 7. Bxe7 Nxe7 8.
Ngf3 Nf6 9. O-O O-O 10. Qe2 b6 11. e4 Ng6 12. g3 e5 13. d5 Bd7 14. Rfd1 Qe7 15.
Nf1 Ng4 16. Ne3 Nxe3 17. fxe3 f5 18. exf5 Bxf5 19. Bxf5 Rxf5 20. e4 Rf7 21. Rf1
a5 22. Rf2 Raf8 23. Raf1 Qd7 24. Ng5 Rxf2 25. Rxf2 Rxf2 26. Qxf2 Nf8 27. Kg2 h6
28. Nf3 Qg4 29. Qe3 Nd7 30. h3 Qh5 31. b4 axb4 32. cxb4 Qf7 33. a4 Qe8 34. Nd2
Qa8 35. Qb3 Qa6 36. Kf2 Qa7 37. Kf3 Qa8 38. Qc2 Qd8 39. Nb3 Qf6+ 40. Kg2 Qd8
41. a5 Nb8 42. Qc4 Qd7 43. a6 b5 44. a7 bxc4 45. axb8=Q+ Kh7 46. Na5 Qa4 47.
Qf8 Qc2+ 48. Qf2 Qxe4+ 49. Qf3 Qc2+ 50. Qf2 Qe4+ 1/2-1/2

[Event "Mittelfr. EM - Qualifikationsturnier"]
[Site "Büchenbach"]
[Date "2011.04.20"]
[Round "2.11"]
[White "Gottlieb, Michael"]
[Black "Thürauf, Peter"]
[Result "0-1"]
[WhiteElo "1217"]
[BlackElo "1890"]
[PlyCount "126"]
[EventDate "2011.??.??"]
[WhiteTeam "SC Postbauer-Heng e.V"]
[BlackTeam "SW Nürnberg Süd e.V."]

1. e4 c5 2. Nf3 e6 3. d4 cxd4 4. Nxd4 Nf6 5. Nc3 d6 6. Be2 Be7 7. O-O O-O 8.
Be3 Nc6 9. a3 a6 10. Qd2 Qc7 11. Rad1 Rd8 12. Bf3 Ne5 13. Be2 Nc4 14. Bxc4 Qxc4
15. Qd3 Qc7 16. h3 b5 17. b4 e5 18. Nde2 Be6 19. Nd5 Bxd5 20. exd5 Rac8 21. c3
Nd7 22. Rc1 Qc4 23. Qxc4 Rxc4 24. Rfd1 f5 25. f4 Bf6 26. g3 Rdc8 27. Kg2 e4 28.
Bd4 g6 29. g4 fxg4 30. hxg4 Bxd4 31. Rxd4 Nf6 32. g5 Rxd4 33. Nxd4 Nxd5 34. Ne2
Nb6 35. Rd1 d5 36. Kf2 Kg7 37. Kg3 h5 38. gxh6+ Kxh6 39. Rh1+ Kg7 40. Rd1 Kf6
41. Rd4 Ke6 42. Rd1 Na4 43. Rc1 Kd6 44. Kg4 Ke7 45. Kg5 Kf7 46. Rd1 Rh8 47. Kg4
Rh2 48. Nd4 Nxc3 49. Rc1 Rg2+ 50. Kh3 Rd2 51. Rxc3 Rxd4 52. Rc7+ Ke6 53. Kg4
Rd3 54. Rc6+ Kd7 55. Rxg6 Rxa3 56. f5 Ke7 57. Re6+ Kf7 58. Rd6 Ra4 59. Rxd5
Rxb4 60. Kf4 a5 61. Ke5 e3 62. Rd7+ Ke8 63. Kd6 Rd4+ 0-1

[Event "Mittelfr. EM - Qualifikationsturnier"]
[Site "Büchenbach"]
[Date "2011.04.20"]
[Round "2.12"]
[White "Sikorsky, Reinhard"]
[Black "Korth, Manfred"]
[Result "1-0"]
[WhiteElo "1626"]
[BlackElo "1812"]
[PlyCount "63"]
[EventDate "2011.??.??"]
[WhiteTeam "FC Gunzenhausen 1910 e.V"]
[BlackTeam "SC Heideck-Hilpoltstein"]

1. e4 d6 2. d4 Nf6 3. Nc3 g6 4. Be2 Bg7 5. Be3 c6 6. Qd2 b5 7. a3 Nbd7 8. f4
Nb6 9. h3 Nc4 10. Bxc4 bxc4 11. Nge2 e6 12. Ng3 a5 13. O-O Qc7 14. Qf2 h5 15.
e5 Nd5 16. Bd2 O-O 17. Nge4 Nxc3 18. bxc3 d5 19. Nf6+ Bxf6 20. exf6 Kh7 21. f5
Rh8 22. Qe3 Kg8 23. fxg6 fxg6 24. f7+ Kf8 25. Qg5 Ba6 26. Qxg6 Ke7 27. Bg5+ Kd7
28. Rae1 Qd6 29. Rf6 Qxa3 30. Rfxe6 Bb5 31. Re7+ Kc8 32. Qe6+ 1-0

[Event "Mittelfr. EM - Qualifikationsturnier"]
[Site "Büchenbach"]
[Date "2011.04.20"]
[Round "2.13"]
[White "Dreiseitel, Werner"]
[Black "Walch, Roger"]
[Result "0-1"]
[WhiteElo "1523"]
[BlackElo "1747"]
[PlyCount "52"]
[EventDate "2011.??.??"]
[WhiteTeam "SC Noris-Tarrasch Nürnberg 1873"]
[BlackTeam "SW Nürnberg Süd e.V."]

1. d4 Nf6 2. c4 e5 3. dxe5 Ne4 4. a3 Nc6 5. Nf3 d6 6. Bf4 Be6 7. e3 g5 8. Bg3
g4 9. Nd4 Nxd4 10. exd4 d5 11. Qc2 Qg5 12. Bd3 Nxg3 13. hxg3 O-O-O 14. c5 h5
15. Nc3 f6 16. exf6 Bh6 17. Ne2 Rhe8 18. Bg6 Rg8 19. Bxh5 Bf5 20. Qd1 Qxf6 21.
Kf1 Be4 22. Nc3 Be3 23. Nxe4 dxe4 24. Bxg4+ Kb8 25. f3 Rxg4 26. Ke2 Bxd4 0-1

[Event "Mittelfr. EM - Qualifikationsturnier"]
[Site "Büchenbach"]
[Date "2011.04.20"]
[Round "2.14"]
[White "Vennemann, Jürgen"]
[Black "Andersen, Ernst"]
[Result "1-0"]
[WhiteElo "1937"]
[BlackElo "1562"]
[PlyCount "62"]
[EventDate "2011.??.??"]
[WhiteTeam "SC Hersbruck"]
[BlackTeam "Privatverein Roth e.V."]

1. d4 Nf6 2. c4 e6 3. Nc3 Bb4 4. a3 Be7 5. Bf4 O-O 6. e3 b6 7. Bd3 Bb7 8. Nf3
d6 9. O-O Nbd7 10. b4 h6 11. e4 Nh7 12. Qd2 g5 13. Be3 f5 14. exf5 exf5 15. d5
c5 16. dxc6 Bxc6 17. Nd4 Ne5 18. Ne6 Qd7 19. Nxf8 Rxf8 20. Be2 f4 21. Bd4 Qb7
22. f3 Rd8 23. Qc2 Be8 24. Nd5 Bf8 25. Qf5 Bg6 26. Qe6+ Bf7 27. Qh3 Bg7 28.
Bxe5 dxe5 29. Rac1 Re8 30. Bd3 Bxd5 31. cxd5 Qxd5 1-0

[Event "Mittelfr. EM - Qualifikationsturnier"]
[Site "Büchenbach"]
[Date "2011.04.20"]
[Round "2.15"]
[White "Gajewski, Richard"]
[Black "Dreiseitel, Ursula"]
[Result "1-0"]
[WhiteElo "1711"]
[BlackElo "1509"]
[PlyCount "69"]
[EventDate "2011.??.??"]
[WhiteTeam "FC Gunzenhausen 1910 e.V"]
[BlackTeam "SC Noris-Tarrasch Nürnberg 1873"]

1. e4 d6 2. f4 Nf6 3. Nc3 c5 4. Bc4 Nc6 5. d3 a6 6. a4 b6 7. h3 Bb7 8. Nf3 e6
9. O-O Be7 10. Be3 O-O 11. Bb3 Re8 12. Ne2 b5 13. Ng3 Qc7 14. Qe1 Rad8 15. axb5
axb5 16. Qf2 Na5 17. Ba2 d5 18. b4 d4 19. bxa5 dxe3 20. Qxe3 c4 21. d4 Bb4 22.
Rfb1 Bxa5 23. Rxb5 Ba6 24. Rc5 Qb6 25. Rb1 Bb4 26. Re5 Qd6 27. c3 Ba5 28. Rxa5
Ra8 29. Nd2 Qc7 30. Rc5 Qa7 31. Bxc4 Nd7 32. Ra5 Qc7 33. Rxa6 Rxa6 34. Bxa6 Qa5
35. Be2 1-0

[Event "Mittelfr. EM - Qualifikationsturnier"]
[Site "Büchenbach"]
[Date "2011.04.20"]
[Round "2.17"]
[White "Burger, Thomas"]
[Black "Tong, Kevin"]
[Result "1-0"]
[WhiteElo "1695"]
[BlackElo "1432"]
[PlyCount "95"]
[EventDate "2011.??.??"]
[WhiteTeam "SAbt Wolframs-Eschenbach"]
[BlackTeam "SC Erlangen 48/88 e.V."]

1. d4 Nf6 2. Nf3 e6 3. e3 b6 4. g3 Bb7 5. Bg2 Be7 6. O-O O-O 7. c4 c5 8. b3 Nc6
9. Bb2 Rc8 10. Nc3 Ba6 11. Re1 cxd4 12. Nxd4 Nxd4 13. Qxd4 Qc7 14. Red1 Bb7 15.
Nb5 Qb8 16. Bxb7 Qxb7 17. Nd6 Bxd6 18. Qxd6 Rfd8 19. Bxf6 gxf6 20. Qe7 Kg7 21.
Rd4 f5 22. Rad1 Qc6 23. Rxd7 Rxd7 24. Rxd7 Rf8 25. Rxa7 Qe4 26. Qb7 Qxb7 27.
Rxb7 Ra8 28. Rxb6 Rxa2 29. c5 Rc2 30. b4 Kf6 31. c6 Ke7 32. Rb7+ Kf6 33. b5 Rc5
34. c7 Ke5 35. b6 Kd6 36. Rb8 Kd7 37. Rd8+ Ke7 38. c8=Q Rxc8 39. Rxc8 Kf6 40.
b7 h6 41. b8=Q h5 42. Rc7 Kg6 43. Qg8+ Kf6 44. Qxf7+ Ke5 45. f4+ Kd5 46. Qd7+
Ke4 47. Kf2 e5 48. Rc4# 1-0

[Event "Mittelfr. EM - Qualifikationsturnier"]
[Site "Büchenbach"]
[Date "2011.04.20"]
[Round "2.18"]
[White "Kellmann, Andreas"]
[Black "Dorner, Hans"]
[Result "1-0"]
[WhiteElo "1396"]
[BlackElo "1675"]
[PlyCount "51"]
[EventDate "2011.??.??"]
[WhiteTeam "SG Büchenbach/Roth e.V."]
[BlackTeam "SC Heideck-Hilpoltstein"]

1. e4 d5 2. exd5 Qxd5 3. Nc3 Qa5 4. Bc4 Nf6 5. d3 Bg4 6. f3 Bh5 7. Bd2 c6 8.
Nge2 e6 9. Nd5 Qd8 10. Ne3 Nbd7 11. Nf4 Bd6 12. Nxh5 Nxh5 13. Qe2 Ne5 14. Bb3
Nf4 15. Qf1 Bc5 16. O-O-O Qd4 17. g3 Nfxd3+ 18. cxd3 Nxd3+ 19. Kc2 O-O-O 20.
Nc4 b5 21. Be3 Qf6 22. Rxd3 bxc4 23. Rxd8+ Rxd8 24. Bxc5 Qf5+ 25. Kc3 cxb3 26.
Qa6+ 1-0

[Event "Mittelfr. EM - Qualifikationsturnier"]
[Site "Büchenbach"]
[Date "2011.04.20"]
[Round "2.19"]
[White "Di Bonaventura, Stefan"]
[Black "Siegl, Adrian"]
[Result "1-0"]
[WhiteElo "1637"]
[BlackElo "1383"]
[PlyCount "53"]
[EventDate "2011.??.??"]
[WhiteTeam "SG Büchenbach/Roth e.V."]
[BlackTeam "SW Nürnberg Süd e.V."]

1. e4 {[%emt 0:00:00]} c5 2. Nf3 Nc6 3. d4 cxd4 4. Nxd4 Nf6 5. Nc3 e5 6. Ndb5
d6 7. Nd5 Nxd5 8. exd5 Ne7 9. Nc3 Ng6 10. Bd3 Be7 11. O-O O-O 12. Be3 b6 13.
Ne2 Bb7 14. c4 Qc7 15. b3 Rac8 16. f4 Bf6 17. Rc1 Rfe8 18. f5 Ne7 19. Be4 Qd7
20. Ng3 Bh4 21. Nh5 g6 22. Qg4 Kh8 23. Qxh4 gxh5 24. Qf6+ Kg8 25. Bh6 Nxf5 26.
Bxf5 Qxf5 27. Qg7# 1-0

[Event "Mittelfr. EM - Qualifikationsturnier"]
[Site "Büchenbach"]
[Date "2011.04.20"]
[Round "2.21"]
[White "Stahl, Peter"]
[Black "Lutter, Maximilian"]
[Result "1-0"]
[WhiteElo "1600"]
[BlackElo "1271"]
[PlyCount "69"]
[EventDate "2011.??.??"]
[WhiteTeam "SAbt Wolframs-Eschenbach"]
[BlackTeam "SK Neumarkt e.V."]

1. Nc3 {[%emt 0:00:00]} d5 2. e4 Nf6 3. e5 d4 4. exf6 dxc3 5. bxc3 exf6 6. Bc4
Be7 7. d3 O-O 8. Ne2 Nc6 9. O-O Ne5 10. Bb3 Ng6 11. Re1 b6 12. Nf4 Nxf4 13.
Bxf4 Bb7 14. Qg4 Kh8 15. Re3 Bc8 16. Qg3 Bd6 17. Bxd6 Qxd6 18. Qxd6 cxd6 19.
Bd5 Rb8 20. Re7 Be6 21. Bxe6 fxe6 22. Rxe6 Rbc8 23. c4 d5 24. cxd5 Rxc2 25. d6
Rc6 26. Rae1 Kg8 27. g3 a5 28. d4 Rc4 29. Rd1 b5 30. Re7 Rc6 31. d7 Rd6 32. Rc1
Rxd4 33. Rc8 Rxd7 34. Rxf8+ Kxf8 35. Rxd7 1-0

[Event "Mittelfr. EM - Qualifikationsturnier"]
[Site "Büchenbach"]
[Date "2011.04.20"]
[Round "2.23"]
[White "Münzenberg, Dietrich"]
[Black "Stefan, Sebastian"]
[Result "1-0"]
[WhiteElo "1575"]
[BlackElo "1176"]
[PlyCount "85"]
[EventDate "2011.??.??"]
[WhiteTeam "Spvg Zabo-Eintracht Nürnberg e.V"]
[BlackTeam "SG Büchenbach/Roth e.V."]

1. d4 d5 2. Bg5 Nc6 3. e3 Bf5 4. a3 h6 5. Bh4 g5 6. Bg3 Nf6 7. c4 e6 8. Nc3 Ne4
9. Nxe4 Bxe4 10. f3 Bg6 11. Qb3 Rb8 12. Ne2 Bd6 13. cxd5 Bxg3+ 14. hxg3 Qxd5
15. Qxd5 exd5 16. Nc3 Rd8 17. b4 a6 18. Rc1 f6 19. Na4 Bf7 20. Nc5 Rb8 21. Nxa6
bxa6 22. Rxc6 h5 23. Rxa6 O-O 24. Rxf6 Ra8 25. Ra6 Rxa6 26. Bxa6 Ra8 27. b5 c6
28. a4 Be8 29. Kd2 Kf8 30. Rb1 Rb8 31. Kc3 Ke7 32. Kb4 Kd6 33. Ka5 Bg6 34. Rc1
Be8 35. b6 Bd7 36. Bd3 Bc8 37. e4 Ra8+ 38. Kb4 Ba6 39. e5+ Kd7 40. Bf5+ Kd8 41.
Rxc6 Bb7 42. Rg6 Bc6 43. Rxc6 1-0

[Event "Mittelfr. EM - Qualifikationsturnier"]
[Site "Büchenbach"]
[Date "2011.04.21"]
[Round "3.1"]
[White "Bildt, Thomas"]
[Black "Güldner, Udo"]
[Result "0-1"]
[WhiteElo "1996"]
[BlackElo "1947"]
[PlyCount "120"]
[EventDate "2011.??.??"]
[WhiteTeam "SK Zirndorf e.V."]
[BlackTeam "SC Forchheim e.V."]

1. e4 c5 2. Nc3 Nc6 3. f4 g6 4. Nf3 Bg7 5. Bc4 a6 6. O-O e6 7. e5 d5 8. exd6 b5
9. Be2 Qxd6 10. Ne4 Qd5 11. d3 Nf6 12. Nfg5 Nd4 13. Be3 h6 14. Nxf6+ Bxf6 15.
Ne4 Nxe2+ 16. Qxe2 Bd4 17. c3 Bg7 18. Bxc5 Bb7 19. Nd6+ Kd7 20. Nxb7 Qxb7 21.
Qe4 Qc6 22. Bd4 Bxd4+ 23. Qxd4+ Ke7 24. Rae1 Rhd8 25. Qe4 Qxe4 26. dxe4 Rd2 27.
Rf2 Rad8 28. Kf1 R2d3 29. Rc1 a5 30. Ke1 f6 31. Re2 g5 32. fxg5 hxg5 33. c4 b4
34. b3 a4 35. bxa4 Ra3 36. c5 Rxa4 37. Rc4 Rc8 38. Rb2 Rc6 39. Rcxb4 Rxb4 40.
Rxb4 Rxc5 41. Kd2 Kd6 42. a4 Kc6 43. Kd3 Ra5 44. Kc4 f5 45. Kd3 f4 46. Rb5 Rxa4
47. Rxg5 Kd6 48. e5+ Kd5 49. Ke2 Ra3 50. g3 f3+ 51. Kf2 Ke4 52. Rg4+ Kxe5 53.
h4 Kf5 54. Rf4+ Kg6 55. Rxf3 Ra1 56. Rf4 e5 57. Rf8 Ra3 58. Kg2 e4 59. Rf4 Ra2+
60. Kh3 e3 {Rest wurde ausgeblizt} 0-1

[Event "Mittelfr. EM - Qualifikationsturnier"]
[Site "Büchenbach"]
[Date "2011.04.21"]
[Round "3.2"]
[White "Lais, Thomas"]
[Black "Heckel, Wolfgang"]
[Result "1/2-1/2"]
[WhiteElo "1953"]
[BlackElo "1770"]
[PlyCount "61"]
[EventDate "2011.??.??"]
[WhiteTeam "SW Nürnberg Süd e.V."]
[BlackTeam "TSG 1893 Ellingen e.V."]

1. e4 c5 2. Nf3 d6 3. d4 cxd4 4. Nxd4 Nf6 5. Nc3 a6 6. f4 Nc6 7. Be2 Bd7 8. Be3
b5 9. a3 e5 10. Nxc6 Bxc6 11. Bf3 Be7 12. O-O Qc7 13. Qd2 Qb7 14. Qd3 Rd8 15.
Nd5 Bxd5 16. exd5 Nd7 17. fxe5 Nxe5 18. Qe4 O-O 19. Be2 Bf6 20. c3 Rfe8 21. Bd3
Nxd3 22. Qxd3 Re5 23. Rad1 Rde8 24. Rf3 Qe7 25. Bd4 Re1+ 26. Rxe1 Qxe1+ 27. Rf1
Bxd4+ 28. Qxd4 Qe3+ 29. Qxe3 Rxe3 30. Rf3 Re5 31. Rd3 1/2-1/2

[Event "Mittelfr. EM - Qualifikationsturnier"]
[Site "Büchenbach"]
[Date "2011.04.21"]
[Round "3.3"]
[White "Ruderer, Thomas"]
[Black "Dittmar, Thomas"]
[Result "0-1"]
[WhiteElo "1778"]
[BlackElo "1974"]
[PlyCount "60"]
[EventDate "2011.??.??"]
[WhiteTeam "SC Heideck-Hilpoltstein"]
[BlackTeam "SF Fürth 1951 e.V."]

1. e4 c6 2. d4 d5 3. exd5 cxd5 4. Bd3 Nc6 5. c3 Nf6 6. Nf3 Bg4 7. O-O e6 8. Bf4
Bd6 9. Bxd6 Qxd6 10. Nbd2 Bh5 11. Qe1 Bg6 12. Bxg6 hxg6 13. Ne5 Nxe5 14. dxe5
Qc7 15. h3 Nd7 16. Nf3 Rh5 17. c4 Nxe5 18. Nxe5 Rxe5 19. Qc3 dxc4 20. f4 Re4
21. Rad1 Kf8 22. Qf3 Qc6 23. Qa3+ Kg8 24. Rd6 Qb5 25. Rfd1 Rxf4 26. Rd8+ Rxd8
27. Rxd8+ Kh7 28. Qf8 g5 29. Qh8+ Kg6 30. g4 Qb6+ 0-1

[Event "Mittelfr. EM - Qualifikationsturnier"]
[Site "Büchenbach"]
[Date "2011.04.21"]
[Round "3.4"]
[White "Mösl, Sebastian"]
[Black "Dietrich, Jochen"]
[Result "1/2-1/2"]
[WhiteElo "1793"]
[BlackElo "1953"]
[PlyCount "51"]
[EventDate "2011.??.??"]
[WhiteTeam "SK Neumarkt e.V."]
[BlackTeam "SG Büchenbach/Roth e.V."]

1. e4 d6 2. Nc3 Nf6 3. f4 g6 4. Nf3 Bg7 5. d3 c5 6. Be2 Nc6 7. O-O O-O 8. Bd2
a6 9. Qc1 b5 10. Nd1 Nd4 11. Nxd4 cxd4 12. c3 Nd7 13. Kh1 Bb7 14. cxd4 Rc8 15.
Qb1 Bxd4 16. Be3 Bg7 17. Nf2 Qa5 18. a3 Nf6 19. b4 Qc7 20. Ra2 Qd7 21. Rc1
Rxc1+ 22. Qxc1 Rc8 23. Rc2 Rxc2 24. Qxc2 Qc6 25. Qxc6 Bxc6 26. Kg1 1/2-1/2

[Event "Mittelfr. EM - Qualifikationsturnier"]
[Site "Büchenbach"]
[Date "2011.04.21"]
[Round "3.5"]
[White "Thürauf, Peter"]
[Black "Diller, Daniel"]
[Result "1/2-1/2"]
[WhiteElo "1890"]
[BlackElo "1759"]
[PlyCount "45"]
[EventDate "2011.??.??"]
[WhiteTeam "SW Nürnberg Süd e.V."]
[BlackTeam "SC Erlangen 48/88 e.V."]

1. Nf3 d5 2. d4 Nf6 3. e3 e6 4. c4 dxc4 5. Bxc4 c5 6. O-O a6 7. a4 Nc6 8. Nc3
Be7 9. Ne2 O-O 10. Bd2 b6 11. Qc2 cxd4 12. Nexd4 Nxd4 13. Nxd4 Bb7 14. Rfd1 Bd6
15. f3 Qc7 16. Qb3 Bxh2+ 17. Kh1 Bd5 18. Bxd5 exd5 19. f4 Bg3 20. Nf5 Ne4 21.
Nxg3 Nxg3+ 22. Kh2 Ne4 23. Bb4 1/2-1/2

[Event "Mittelfr. EM - Qualifikationsturnier"]
[Site "Büchenbach"]
[Date "2011.04.21"]
[Round "3.6"]
[White "Braun, Michael"]
[Black "Bayer, Rolf"]
[Result "1-0"]
[WhiteElo "1849"]
[BlackElo "1718"]
[PlyCount "103"]
[EventDate "2011.??.??"]
[WhiteTeam "SG Büchenbach/Roth e.V."]
[BlackTeam "SC Noris-Tarrasch Nürnberg 1873"]

1. d4 e5 2. dxe5 Nc6 3. Nf3 Qe7 4. e4 Nxe5 5. Nc3 Nxf3+ 6. Qxf3 c6 7. Be2 Qf6
8. Qxf6 Nxf6 9. e5 Ng8 10. Ne4 f5 11. exf6 Nxf6 12. Nxf6+ gxf6 13. Bh5+ Kd8 14.
Be3 d6 15. O-O-O Be6 16. Rhe1 Kd7 17. Rd2 Rg8 18. g3 Rg7 19. Rde2 Bg4 20. Bxg4+
Rxg4 21. f3 Rg6 22. g4 Re8 23. h4 Bh6 24. Bxh6 Rxe2 25. Rxe2 Rxh6 26. h5 f5 27.
Kd2 fxg4 28. fxg4 Rf6 29. g5 Rf5 30. Rg2 Ke8 31. g6 hxg6 32. Rxg6 Rxh5 33. Rxd6
Ke7 34. Rd3 Rh6 35. c4 Rd6 36. c5 Rd5 37. Rxd5 cxd5 38. Kc3 b6 39. Kd4 bxc5+
40. Kxd5 Kd7 41. Kxc5 Kc7 42. a3 Kb7 43. Kb5 a6+ 44. Ka5 Ka7 45. Kb4 Kb6 46. a4
a5+ 47. Kc4 Kc6 48. b3 Kb6 49. Kd5 Ka7 50. Kc5 Ka6 51. Kc6 Ka7 52. Kb5 1-0

[Event "Mittelfr. EM - Qualifikationsturnier"]
[Site "Büchenbach"]
[Date "2011.04.21"]
[Round "3.7"]
[White "Müller, Roland"]
[Black "Weißmann, Peter"]
[Result "0-1"]
[WhiteElo "1635"]
[BlackElo "1848"]
[PlyCount "37"]
[EventDate "2011.??.??"]
[WhiteTeam "SV Lauf a.d.P."]
[BlackTeam "SK Zirndorf e.V."]

1. b3 e5 2. Bb2 Nc6 3. c4 f5 4. e3 Be7 5. d3 Bf6 6. Nd2 Nge7 7. f4 O-O 8. Ngf3
Ng6 9. fxe5 Ncxe5 10. Nxe5 Nxe5 11. Qc2 Ng4 12. e4 Ne3 13. Qc1 f4 14. Rg1 Bxb2
15. Qxb2 Qh4+ 16. g3 Qxh2 17. Rg2 Nxg2+ 18. Bxg2 Qxg2 19. Rc1 0-1

[Event "Mittelfr. EM - Qualifikationsturnier"]
[Site "Büchenbach"]
[Date "2011.04.21"]
[Round "3.8"]
[White "Bruder, Heinz"]
[Black "Sikorsky, Reinhard"]
[Result "1-0"]
[WhiteElo "1840"]
[BlackElo "1626"]
[PlyCount "63"]
[EventDate "2011.??.??"]
[WhiteTeam "SW Nürnberg Süd e.V."]
[BlackTeam "FC Gunzenhausen 1910 e.V"]

1. e4 c5 2. Nf3 d6 3. d4 cxd4 4. Nxd4 Nf6 5. Nc3 g6 6. Be2 Bg7 7. Be3 O-O 8.
O-O Nc6 9. Nb3 Bd7 10. f4 a6 11. Bf3 Rb8 12. a4 Qc8 13. a5 Bg4 14. Bxg4 Qxg4
15. Qd2 Qe6 16. f5 Qc4 17. Ra4 Nb4 18. Nd1 Rfc8 19. Rxb4 Qxc2 20. Nc3 Qxd2 21.
Nxd2 Ng4 22. Ba7 Bxc3 23. bxc3 Ra8 24. Bd4 Rc7 25. fxg6 fxg6 26. h3 Nh6 27. Rc4
Rac8 28. Rxc7 Rxc7 29. c4 Nf7 30. Rc1 e6 31. Nb3 d5 32. cxd5 1-0

[Event "Mittelfr. EM - Qualifikationsturnier"]
[Site "Büchenbach"]
[Date "2011.04.21"]
[Round "3.9"]
[White "Zedlitz, Friedemann"]
[Black "Meulner, Fabian"]
[Result "1-0"]
[WhiteElo "1715"]
[BlackElo "1813"]
[PlyCount "37"]
[EventDate "2011.??.??"]
[WhiteTeam "SG Büchenbach/Roth e.V."]
[BlackTeam "SW Nürnberg Süd e.V."]

1. e4 c6 2. d4 d5 3. e5 Bf5 4. Bd3 Bxd3 5. Qxd3 Qa5+ 6. Nc3 Qa6 7. Qh3 e6 8.
Nge2 c5 9. O-O Nc6 10. Be3 cxd4 11. Bxd4 Nxd4 12. Nxd4 O-O-O 13. Ncb5 Kb8 14.
Qb3 f6 15. Qg3 f5 16. a4 Be7 17. Qxg7 Rf8 18. Qxh8 Nf6 19. Qg7 1-0

[Event "Mittelfr. EM - Qualifikationsturnier"]
[Site "Büchenbach"]
[Date "2011.04.21"]
[Round "3.10"]
[White "Burger, Thomas"]
[Black "Vennemann, Jürgen"]
[Result "1/2-1/2"]
[WhiteElo "1695"]
[BlackElo "1937"]
[PlyCount "90"]
[EventDate "2011.??.??"]
[WhiteTeam "SAbt Wolframs-Eschenbach"]
[BlackTeam "SC Hersbruck"]

1. d4 Nf6 2. Nf3 d5 3. c4 c6 4. e3 e6 5. Nc3 Nbd7 6. Bd3 dxc4 7. Bxc4 b5 8. Be2
a6 9. a3 c5 10. dxc5 Bxc5 11. b4 Ba7 12. Bb2 Bb7 13. O-O O-O 14. Rc1 Ng4 15.
Qd2 Ndf6 16. Qxd8 Rfxd8 17. Rcd1 Nd5 18. Nxd5 Bxd5 19. Bd4 Bxd4 20. Rxd4 Nf6
21. Ne5 Rdc8 22. f3 Rc7 23. e4 Bb7 24. Rfd1 Kf8 25. Nd7+ Nxd7 26. Rxd7 Rac8 27.
Kf2 Ke8 28. Rxc7 Rxc7 29. Ke3 Rc3+ 30. Rd3 Rc2 31. Rd2 Rxd2 32. Kxd2 e5 33. Bd1
Bc6 34. Bb3 Ke7 35. Ke3 Bd7 36. g4 Kf6 37. h4 Ke7 38. Bd5 Bc8 39. Kf2 f6 40.
Kg3 Kd6 41. Bg8 h6 42. h5 Bd7 43. Bb3 Be8 44. Bd5 Bd7 45. Bb3 Be6 1/2-1/2

[Event "Mittelfr. EM - Qualifikationsturnier"]
[Site "Büchenbach"]
[Date "2011.04.21"]
[Round "3.11"]
[White "Di Bonaventura, Stefan"]
[Black "Zhao, Kevin"]
[Result "1/2-1/2"]
[WhiteElo "1637"]
[BlackElo "1851"]
[PlyCount "81"]
[EventDate "2011.??.??"]
[WhiteTeam "SG Büchenbach/Roth e.V."]
[BlackTeam "SC Erlangen 48/88 e.V."]

1. e4 e6 2. d4 d5 3. exd5 exd5 4. Nf3 Bd6 5. Bg5 f6 6. Be3 Ne7 7. Bd3 c6 8. c3
Bf5 9. Qc2 Bxd3 10. Qxd3 Nd7 11. Nbd2 Qc7 12. Nb3 b6 13. g3 c5 14. dxc5 bxc5
15. Qc2 O-O 16. O-O Ne5 17. Qd1 Kh8 18. Nh4 Rad8 19. Nd2 Rb8 20. Rb1 Rfd8 21.
b3 g6 22. f4 Nf7 23. Qc2 Nh6 24. Qd1 Nef5 25. Nxf5 Nxf5 26. Bf2 Re8 27. Qf3 Qb7
28. Rbe1 Re7 29. Rxe7 Bxe7 30. Re1 Qd7 31. g4 Ng7 32. h3 f5 33. g5 Nh5 34. Kg2
Bd6 35. Bg3 Qc7 36. Rf1 Re8 37. Rf2 a5 38. a4 Qb8 39. h4 Bc7 40. Bh2 Re7 41.
Qxd5 1/2-1/2

[Event "Mittelfr. EM - Qualifikationsturnier"]
[Site "Büchenbach"]
[Date "2011.04.21"]
[Round "3.12"]
[White "Wild, Erwin"]
[Black "Dürr, Florian"]
[Result "0-1"]
[WhiteElo "1605"]
[BlackElo "1811"]
[PlyCount "74"]
[EventDate "2011.??.??"]
[WhiteTeam "SG Büchenbach/Roth e.V."]
[BlackTeam "SC Erlangen 48/88 e.V."]

1. c4 b6 2. Nf3 Bb7 3. e3 Nf6 4. Nc3 e6 5. b3 d5 6. cxd5 exd5 7. Bb2 c5 8. Bb5+
Nbd7 9. O-O Bd6 10. d4 O-O 11. Re1 a6 12. Bd3 Re8 13. Qc2 Qc7 14. Ne2 Ne4 15.
Rac1 Rac8 16. a3 Ndf6 17. dxc5 bxc5 18. Ng3 Ng4 19. Bxe4 dxe4 20. Ng5 Qe7 21.
Nh3 Qe6 22. Qc4 Bd5 23. Qxa6 Bxg3 24. Qxe6 Bxh2+ 25. Kh1 fxe6 26. g3 Nxf2+ 27.
Nxf2 Bxg3 28. Rg1 Bxf2 29. Rxg7+ Kf8 30. Rf1 e5 31. Rd7 Bxb3 32. Rxf2+ Kg8 33.
Rg2+ Kh8 34. Rg5 c4 35. Bxe5+ Rxe5 36. Rxe5 c3 37. Rg5 c2 0-1